[Event "DVM U14w 2020"]
[Site "Willingen GER"]
[Date "2021.06.26"]
[Round "6"]
[White "Reddi, Bhuvana"]
[Black "Buchholz, Maja"]
[Result "0-1"]
[Termination "normal"]
[Board "3.2"]
[WhiteElo "1359"]
[BlackElo "1713"]
[WhiteClock "00:01:20"]
[BlackClock "00:25:36"]
[WhiteTeam "SC Weisse Dame e.V."]
[BlackTeam "VSG 1880 Offenbach"]
[PlyCount "78"]
[WhiteFideId "16287002"]
[BlackFideId "16200500"]
[EventCountry "GER"]
[EventRounds "7"]
[EventType "team-swiss"]
[EventDate "2021.06.23"]

1. e4 {[%clk 1:30:58]} 1... e6 {[%clk 1:30:53]} 2. d4 {[%clk 1:31:25]} 2... d5
{[%clk 1:31:18]} 3. Nc3 {[%clk 1:31:50]} 3... Nf6 {[%clk 1:31:42]} 4. Bg5 {
[%clk 1:32:13]} 4... Bb4 {[%clk 1:32:04]} 5. e5 {[%clk 1:32:34]} 5... h6 {
[%clk 1:32:26]} 6. Bd2 {[%clk 1:32:59]} 6... Bxc3 {[%clk 1:32:48]} 7. bxc3 {
[%clk 1:33:10]} 7... Ne4 {[%clk 1:33:11]} 8. Qg4 {[%clk 1:33:24]} 8... Kf8 {
[%clk 1:33:26]} 9. Bd3 {[%clk 1:33:19]} 9... Nxd2 {[%clk 1:33:38]} 10. Kxd2 {
[%clk 1:33:38]} 10... c5 {[%clk 1:32:49]} 11. f4 {[%clk 1:33:14]} 11... Nc6 {
[%clk 1:32:31]} 12. Nf3 {[%clk 1:32:29]} 12... Qa5 {[%clk 1:32:12]} 13. dxc5 {
[%clk 1:31:13]} 13... Qxc5 {[%clk 1:32:16]} 14. Qh4 {[%clk 1:29:01]} 14... Bd7
{[%clk 1:32:06]} 15. g4 {[%clk 1:26:54]} 15... Na5 {[%clk 1:31:37]} 16. Rab1 {
[%clk 1:15:54]} 16... Rc8 {[%clk 1:30:46]} 17. f5 {[%clk 0:56:00]} 17... Qxc3+
{[%clk 1:28:04]} 18. Ke2 {[%clk 0:54:55]} 18... b6 {[%clk 1:27:48]} 19. f6 {
[%clk 0:54:35]} 19... g6 {[%clk 1:26:57]} 20. g5 {[%clk 0:48:04]} 20... h5 {
[%clk 1:26:29]} 21. Qf4 {[%clk 0:45:18]} 21... Rc5 {[%clk 1:14:52]} 22. Nh4 {
[%clk 0:39:01]} 22... Nc4 {[%clk 1:10:35]} 23. Nf3 {[%clk 0:37:14]} 23... Ba4 {
[%clk 1:09:18]} 24. Nd4 {[%clk 0:31:08]} 24... Rg8 {[%clk 1:00:20]} 25. Rhf1 {
[%clk 0:27:58]} 25... Rc8 {[%clk 0:55:30]} 26. Rbc1 {[%clk 0:15:56]} 26... a5 {
[%clk 0:43:31]} 27. Rfd1 {[%clk 0:14:39]} 27... Bd7 {[%clk 0:40:25]} 28. Rb1 {
[%clk 0:11:38]} 28... Ba4 {[%clk 0:35:16]} 29. Rf1 {[%clk 0:01:08]} 29... Nb2 {
[%clk 0:27:44]} 30. Nxe6+ {[%clk 0:00:45]} 30... fxe6 {[%clk 0:27:58]} 31. f7 {
[%clk 0:01:05]} 31... Rg7 {[%clk 0:28:12]} 32. Qf6 {[%clk 0:01:13]} 32... Bxc2
{[%clk 0:26:53]} 33. Qxe6 {[%clk 0:00:39]} 33... Bxd3+ {[%clk 0:25:10]} 34. Kf2
{[%clk 0:00:37]} 34... Qd4+ {[%clk 0:25:14]} 35. Kg3 {[%clk 0:00:38]} 35...
Qe3+ {[%clk 0:24:50]} 36. Rf3 {[%clk 0:00:47]} 36... Qxg5+ {[%clk 0:25:07]} 37.
Kh3 {[%clk 0:00:49]} 37... Qg4+ {[%clk 0:25:03]} 38. Qxg4 {[%clk 0:01:03]}
38... hxg4+ {[%clk 0:25:29]} 39. Kxg4 {[%clk 0:01:20]} 39... Bxb1 { [%clk
0:25:36]} 0-1

[Event "DVM U14w 2020"]
[Site "Willingen GER"]
[Date "2021.06.26"]
[Round "6"]
[White "Dixon Quiroz, Laura Michaela"]
[Black "Schülke, Rosalie"]
[Result "1/2-1/2"]
[Termination "normal"]
[Board "3.3"]
[WhiteElo "1304"]
[BlackElo "1407"]
[WhiteClock "00:23:45"]
[BlackClock "00:54:39"]
[WhiteTeam "VSG 1880 Offenbach"]
[BlackTeam "SC Weisse Dame e.V."]
[PlyCount "73"]
[WhiteFideId "16248708"]
[BlackFideId "16287436"]
[EventCountry "GER"]
[EventRounds "7"]
[EventType "team-swiss"]
[EventDate "2021.06.23"]

1. e4 {[%clk 1:30:49]} 1... e6 {[%clk 1:30:55]} 2. d4 {[%clk 1:31:14]} 2... d5
{[%clk 1:31:17]} 3. e5 {[%clk 1:31:40]} 3... c5 {[%clk 1:31:38]} 4. c3 { [%clk
1:31:57]} 4... Nc6 {[%clk 1:32:01]} 5. Nf3 {[%clk 1:32:04]} 5... Qb6 { [%clk
1:31:59]} 6. a3 {[%clk 1:32:21]} 6... a5 {[%clk 1:32:04]} 7. Bd3 { [%clk
1:32:05]} 7... Bd7 {[%clk 1:32:11]} 8. Bc2 {[%clk 1:32:02]} 8... Be7 { [%clk
1:30:30]} 9. Ra2 {[%clk 1:29:44]} 9... f6 {[%clk 1:26:19]} 10. Bf4 { [%clk
1:27:28]} 10... cxd4 {[%clk 1:24:00]} 11. cxd4 {[%clk 1:24:35]} 11... Rc8
{[%clk 1:19:33]} 12. Nc3 {[%clk 1:21:20]} 12... f5 {[%clk 1:16:41]} 13. Qd2 {
[%clk 1:12:39]} 13... Bd8 {[%clk 1:14:50]} 14. Bg5 {[%clk 1:03:30]} 14... h6 {
[%clk 1:14:20]} 15. Bxd8 {[%clk 1:01:22]} 15... Nxd8 {[%clk 1:13:48]} 16. Bd3 {
[%clk 0:58:15]} 16... Ne7 {[%clk 1:13:24]} 17. O-O {[%clk 0:57:00]} 17... g5 {
[%clk 1:13:06]} 18. h4 {[%clk 0:52:52]} 18... g4 {[%clk 1:08:43]} 19. Nh2 {
[%clk 0:52:50]} 19... Ng6 {[%clk 1:08:21]} 20. h5 {[%clk 0:50:50]} 20... Ne7 {
[%clk 1:08:28]} 21. Be2 {[%clk 0:40:47]} 21... Nf7 {[%clk 1:06:43]} 22. Raa1 {
[%clk 0:38:05]} 22... Ng5 {[%clk 1:06:03]} 23. f4 {[%clk 0:37:06]} 23... Ne4 {
[%clk 1:05:11]} 24. Nxe4 {[%clk 0:35:24]} 24... dxe4 {[%clk 1:04:44]} 25. g3 {
[%clk 0:34:36]} 25... Nd5 {[%clk 1:04:18]} 26. Rfc1 {[%clk 0:33:43]} 26... O-O
{[%clk 1:03:28]} 27. Nf1 {[%clk 0:32:45]} 27... Rc7 {[%clk 1:01:24]} 28. Rxc7 {
[%clk 0:31:13]} 28... Qxc7 {[%clk 1:01:30]} 29. Rc1 {[%clk 0:28:59]} 29... Qb6
{[%clk 1:00:28]} 30. Rc5 {[%clk 0:28:06]} 30... a4 {[%clk 0:58:18]} 31. Bc4 {
[%clk 0:27:02]} 31... Bc6 {[%clk 0:57:09]} 32. Ne3 {[%clk 0:26:05]} 32... Rd8 {
[%clk 0:54:39]} 33. Kf2 {[%clk 0:23:45]} 33... Kf7 34. Bxd5 Bxd5 35. Qb4 Qxb4
36. axb4 Ke8 37. Rc7 1/2-1/2

[Event "DVM U14w 2020"]
[Site "Willingen GER"]
[Date "2021.06.26"]
[Round "6"]
[White "Alferova, Emily"]
[Black "Reich, Elisabeth"]
[Result "1/2-1/2"]
[Termination "normal"]
[Board "4.1"]
[WhiteElo "1365"]
[BlackElo "1191"]
[WhiteClock "00:17:50"]
[BlackClock "00:44:56"]
[WhiteTeam "SC Garching 1980 e.V."]
[BlackTeam "ATSV Oberkotzau"]
[PlyCount "43"]
[WhiteFideId "16265904"]
[BlackFideId "16239776"]
[EventCountry "GER"]
[EventRounds "7"]
[EventType "team-swiss"]
[EventDate "2021.06.23"]

1. e4 {[%clk 1:30:56]} 1... c5 {[%clk 1:30:55]} 2. Nc3 {[%clk 1:31:23]} 2... e6
{[%clk 1:31:14]} 3. g3 {[%clk 1:31:27]} 3... d5 {[%clk 1:31:03]} 4. exd5 {
[%clk 1:28:16]} 4... exd5 {[%clk 1:31:24]} 5. d4 {[%clk 1:22:04]} 5... c4 {
[%clk 1:27:31]} 6. Bg2 {[%clk 1:20:21]} 6... Nf6 {[%clk 1:25:28]} 7. Bg5 {
[%clk 1:16:20]} 7... Be6 {[%clk 1:24:16]} 8. Bxf6 {[%clk 1:13:01]} 8... gxf6 {
[%clk 1:23:01]} 9. Nge2 {[%clk 1:11:25]} 9... Bh6 {[%clk 1:20:32]} 10. O-O {
[%clk 1:04:07]} 10... Nc6 {[%clk 1:18:20]} 11. b3 {[%clk 0:55:53]} 11... cxb3 {
[%clk 1:17:47]} 12. cxb3 {[%clk 0:55:28]} 12... Rc8 {[%clk 1:13:51]} 13. Qd3 {
[%clk 0:52:52]} 13... a6 {[%clk 1:11:54]} 14. Qf3 {[%clk 0:48:42]} 14... Ne7 {
[%clk 0:58:42]} 15. Qxf6 {[%clk 0:46:32]} 15... Ng6 {[%clk 0:58:54]} 16. Qxd8+
{[%clk 0:46:40]} 16... Rxd8 {[%clk 0:58:44]} 17. f4 {[%clk 0:37:44]} 17... Ne7
{[%clk 0:58:24]} 18. Rfe1 {[%clk 0:34:31]} 18... Bg7 {[%clk 0:56:28]} 19. Rad1
{[%clk 0:33:56]} 19... Nf5 {[%clk 0:51:43]} 20. Kf2 {[%clk 0:28:50]} 20... O-O
{[%clk 0:47:53]} 21. Rd3 {[%clk 0:22:55]} 21... Rd6 {[%clk 0:44:56]} 22. Red1 {
[%clk 0:17:50]} 1/2-1/2

[Event "DVM U14w 2020"]
[Site "Willingen GER"]
[Date "2021.06.26"]
[Round "6"]
[White "Hergenröder, Cora"]
[Black "Frowein, Katja"]
[Result "1/2-1/2"]
[Termination "normal"]
[Board "4.2"]
[WhiteElo "1489"]
[BlackElo "1388"]
[WhiteClock "00:09:28"]
[BlackClock "00:24:49"]
[WhiteTeam "ATSV Oberkotzau"]
[BlackTeam "SC Garching 1980 e.V."]
[PlyCount "62"]
[WhiteFideId "34603700"]
[BlackFideId "16282949"]
[EventCountry "GER"]
[EventRounds "7"]
[EventType "team-swiss"]
[EventDate "2021.06.23"]

1. d4 {[%clk 1:30:59]} 1... d5 {[%clk 1:30:55]} 2. c4 {[%clk 1:31:23]} 2... e6
{[%clk 1:31:19]} 3. cxd5 {[%clk 1:31:50]} 3... exd5 {[%clk 1:31:40]} 4. Nc3 {
[%clk 1:32:12]} 4... Nf6 {[%clk 1:31:53]} 5. Bg5 {[%clk 1:32:15]} 5... Be7 {
[%clk 1:31:45]} 6. Nf3 {[%clk 1:32:05]} 6... O-O {[%clk 1:31:43]} 7. e3 { [%clk
1:31:19]} 7... h6 {[%clk 1:31:53]} 8. Bf4 {[%clk 1:29:52]} 8... c6 { [%clk
1:27:30]} 9. h3 {[%clk 1:29:00]} 9... Bf5 {[%clk 1:23:24]} 10. Be2 { [%clk
1:26:39]} 10... Re8 {[%clk 1:19:51]} 11. Qb3 {[%clk 1:24:07]} 11... b6 { [%clk
1:18:26]} 12. Rc1 {[%clk 1:19:52]} 12... Nbd7 {[%clk 1:12:57]} 13. Ne5 { [%clk
1:11:58]} 13... Rc8 {[%clk 1:11:08]} 14. Ba6 {[%clk 1:11:11]} 14... Nxe5 {[%clk
1:05:56]} 15. Bxe5 {[%clk 1:11:24]} 15... c5 {[%clk 1:01:53]} 16. Bxc8 { [%clk
1:10:01]} 16... c4 {[%clk 0:58:50]} 17. Qd1 {[%clk 1:09:03]} 17... Bxc8 { [%clk
0:58:07]} 18. Qf3 {[%clk 1:08:05]} 18... Bb7 {[%clk 0:56:17]} 19. O-O { [%clk
0:51:44]} 19... Qd7 {[%clk 0:50:56]} 20. Rfe1 {[%clk 0:42:45]} 20... b5 { [%clk
0:48:38]} 21. a3 {[%clk 0:35:36]} 21... a5 {[%clk 0:46:45]} 22. Na2 { [%clk
0:31:18]} 22... Ne4 {[%clk 0:46:39]} 23. Qg4 {[%clk 0:27:14]} 23... Qxg4 {[%clk
0:45:39]} 24. hxg4 {[%clk 0:27:32]} 24... Bh4 {[%clk 0:45:41]} 25. g3 { [%clk
0:25:42]} 25... Bd8 {[%clk 0:45:46]} 26. Nc3 {[%clk 0:24:35]} 26... Ng5 { [%clk
0:41:51]} 27. Kg2 {[%clk 0:21:53]} 27... Rxe5 {[%clk 0:38:58]} 28. dxe5 { [%clk
0:20:24]} 28... d4+ {[%clk 0:39:07]} 29. Kf1 {[%clk 0:20:38]} 29... Nf3 { [%clk
0:34:48]} 30. Nxb5 {[%clk 0:12:42]} 30... d3 {[%clk 0:25:11]} 31. Red1 { [%clk
0:09:28]} 31... Nh2+ {[%clk 0:24:49]} 1/2-1/2

[Event "DVM U14w 2020"]
[Site "Willingen GER"]
[Date "2021.06.26"]
[Round "6"]
[White "Muhina, Liana"]
[Black "Leuchsenring, Delia"]
[Result "1-0"]
[Termination "normal"]
[Board "4.3"]
[WhiteElo "1273"]
[BlackElo "1051"]
[WhiteClock "00:13:49"]
[BlackClock "00:32:07"]
[WhiteTeam "SC Garching 1980 e.V."]
[BlackTeam "ATSV Oberkotzau"]
[PlyCount "125"]
[WhiteFideId "16266145"]
[BlackFideId "34605304"]
[EventCountry "GER"]
[EventRounds "7"]
[EventType "team-swiss"]
[EventDate "2021.06.23"]

1. e4 {[%clk 1:30:57]} 1... e5 {[%clk 1:30:58]} 2. Nf3 {[%clk 1:31:12]} 2...
Nf6 {[%clk 1:31:17]} 3. Nc3 {[%clk 1:31:13]} 3... Nc6 {[%clk 1:31:04]} 4. d4 {
[%clk 1:31:07]} 4... exd4 {[%clk 1:28:20]} 5. Nxd4 {[%clk 1:31:15]} 5... Bb4 {
[%clk 1:26:45]} 6. Nxc6 {[%clk 1:30:20]} 6... bxc6 {[%clk 1:26:27]} 7. Bd2 {
[%clk 1:28:49]} 7... O-O {[%clk 1:23:20]} 8. Bd3 {[%clk 1:25:16]} 8... Re8 {
[%clk 1:20:24]} 9. f3 {[%clk 1:18:19]} 9... d5 {[%clk 1:18:52]} 10. Qe2 { [%clk
1:13:32]} 10... Rb8 {[%clk 1:13:32]} 11. Rb1 {[%clk 1:08:58]} 11... Be6 { [%clk
1:10:02]} 12. b3 {[%clk 1:03:46]} 12... Nd7 {[%clk 0:59:14]} 13. O-O { [%clk
0:56:58]} 13... Qf6 {[%clk 0:56:34]} 14. Nd1 {[%clk 0:52:45]} 14... Bc5+ {[%clk
0:53:26]} 15. Kh1 {[%clk 0:51:12]} 15... Ne5 {[%clk 0:50:27]} 16. Ne3 { [%clk
0:43:54]} 16... Bd6 {[%clk 0:43:36]} 17. f4 {[%clk 0:39:56]} 17... Nxd3 { [%clk
0:40:09]} 18. cxd3 {[%clk 0:36:04]} 18... Qd4 {[%clk 0:36:37]} 19. Nc2 { [%clk
0:30:19]} 19... Qb6 {[%clk 0:34:49]} 20. Be3 {[%clk 0:27:03]} 20... Qb7 { [%clk
0:32:23]} 21. e5 {[%clk 0:26:02]} 21... Be7 {[%clk 0:30:15]} 22. f5 { [%clk
0:25:34]} 22... Bd7 {[%clk 0:29:10]} 23. f6 {[%clk 0:24:45]} 23... Bf8 { [%clk
0:29:00]} 24. fxg7 {[%clk 0:23:29]} 24... Bxg7 {[%clk 0:27:09]} 25. Qh5 { [%clk
0:22:58]} 25... Be6 {[%clk 0:25:38]} 26. Rf4 {[%clk 0:20:35]} 26... Rbd8 {[%clk
0:22:30]} 27. Rh4 {[%clk 0:17:50]} 27... Qb5 {[%clk 0:19:11]} 28. Qxh7+ {[%clk
0:15:03]} 28... Kf8 {[%clk 0:19:27]} 29. b4 {[%clk 0:15:03]} 29... Bxe5 {[%clk
0:18:52]} 30. Bc5+ {[%clk 0:13:34]} 30... Bd6 {[%clk 0:18:49]} 31. Qh6+ {[%clk
0:13:22]} 31... Ke7 32. Nd4 {[%clk 0:08:46]} 32... Qxd3 {[%clk 0:13:55]} 33.
Re1 {[%clk 0:06:51]} 33... Kd7 {[%clk 0:12:39]} 34. Qf6 {[%clk 0:05:01]} 34...
Qd2 {[%clk 0:11:44]} 35. Rf1 {[%clk 0:03:58]} 35... a5 {[%clk 0:10:13]} 36.
Nxe6 {[%clk 0:03:27]} 36... fxe6 {[%clk 0:10:07]} 37. Rh7+ {[%clk 0:02:17]}
37... Kc8 {[%clk 0:10:21]} 38. Bxd6 {[%clk 0:02:00]} 38... cxd6 {[%clk 0:10:28]
} 39. bxa5 {[%clk 0:02:08]} 39... Qxa5 {[%clk 0:10:35]} 40. Qf7 {[%clk 0:01:20]
} 40... Qb6 {[%clk 0:10:28]} 41. a4 {[%clk 0:01:17]} 41... Kb8 {[%clk 0:09:40]}
42. Ra1 {[%clk 0:00:44]} 42... Ka8 {[%clk 0:09:10]} 43. a5 {[%clk 0:26:20]}
43... Qa6 {[%clk 0:38:51]} 44. Qc7 {[%clk 0:26:16]} 44... e5 {[%clk 0:37:40]}
45. Rd7 {[%clk 0:24:24]} 45... Rxd7 {[%clk 0:37:04]} 46. Qxd7 {[%clk 0:24:43]}
46... Rf8 {[%clk 0:37:19]} 47. h3 {[%clk 0:24:25]} 47... e4 {[%clk 0:35:38]}
48. Qxd6 {[%clk 0:20:21]} 48... e3 {[%clk 0:32:55]} 49. Qxf8+ {[%clk 0:20:03]}
49... Ka7 {[%clk 0:32:23]} 50. Qe7+ {[%clk 0:20:02]} 50... Kb8 {[%clk 0:31:56]}
51. Rb1+ {[%clk 0:18:56]} 51... Kc8 {[%clk 0:31:48]} 52. Qe6+ {[%clk 0:18:07]}
52... Kc7 {[%clk 0:31:37]} 53. Qxe3 {[%clk 0:17:55]} 53... Qxa5 {[%clk 0:31:24]
} 54. Qe5+ {[%clk 0:18:00]} 54... Kc8 {[%clk 0:31:13]} 55. Qb8+ {[%clk 0:16:11]
} 55... Kd7 {[%clk 0:31:27]} 56. Qb7+ {[%clk 0:16:20]} 56... Kd6 { [%clk
0:31:39]} 57. Qb4+ {[%clk 0:15:16]} 57... Qxb4 {[%clk 0:31:57]} 58. Rxb4 {[%clk
0:15:43]} 58... c5 {[%clk 0:32:15]} 59. Rb1 {[%clk 0:15:56]} 59... d4 { [%clk
0:32:29]} 60. Kg1 {[%clk 0:15:43]} 60... Kd5 {[%clk 0:32:42]} 61. Rc1 { [%clk
0:15:13]} 61... c4 {[%clk 0:32:45]} 62. Kf2 {[%clk 0:15:05]} 62... Ke4 { [%clk
0:32:07]} 63. Rxc4 {[%clk 0:13:49]} 1-0

[Event "DVM U14w 2020"]
[Site "Willingen GER"]
[Date "2021.06.26"]
[Round "6"]
[White "Köppel, Clementine"]
[Black "Muhina, Alina"]
[Result "0-1"]
[Termination "normal"]
[Board "4.4"]
[WhiteElo "1244"]
[BlackElo "1343"]
[WhiteClock "00:39:27"]
[BlackClock "01:01:35"]
[WhiteTeam "ATSV Oberkotzau"]
[BlackTeam "SC Garching 1980 e.V."]
[PlyCount "126"]
[WhiteFideId "34605819"]
[BlackFideId "16298322"]
[EventCountry "GER"]
[EventRounds "7"]
[EventType "team-swiss"]
[EventDate "2021.06.23"]

1. e4 {[%clk 1:30:58]} 1... c6 {[%clk 1:30:58]} 2. d3 {[%clk 1:31:20]} 2... d5
{[%clk 1:31:18]} 3. Nd2 {[%clk 1:31:41]} 3... dxe4 {[%clk 1:31:28]} 4. dxe4 {
[%clk 1:32:03]} 4... e5 {[%clk 1:31:48]} 5. Ngf3 {[%clk 1:31:49]} 5... Bg4 {
[%clk 1:31:47]} 6. b3 {[%clk 1:31:22]} 6... Nf6 {[%clk 1:31:35]} 7. Bb2 { [%clk
1:31:22]} 7... Nbd7 {[%clk 1:30:13]} 8. Bd3 {[%clk 1:29:49]} 8... Bc5 { [%clk
1:30:05]} 9. Nc4 {[%clk 1:28:58]} 9... Bxf3 {[%clk 1:25:57]} 10. Qxf3 { [%clk
1:27:45]} 10... Qe7 {[%clk 1:25:53]} 11. Qg3 {[%clk 1:27:47]} 11... O-O { [%clk
1:24:41]} 12. Nxe5 {[%clk 1:26:35]} 12... Bd6 {[%clk 1:20:43]} 13. f4 { [%clk
1:24:38]} 13... Nh5 {[%clk 1:19:50]} 14. Qg5 {[%clk 1:19:44]} 14... Qxg5 {[%clk
1:18:36]} 15. fxg5 {[%clk 1:17:57]} 15... Nxe5 {[%clk 1:18:44]} 16. Bxe5 {[%clk
1:17:02]} 16... Bxe5 {[%clk 1:19:05]} 17. Rd1 {[%clk 1:14:48]} 17... Rad8
{[%clk 1:18:57]} 18. O-O {[%clk 1:14:36]} 18... Nf4 {[%clk 1:18:07]} 19. g3
{[%clk 1:14:13]} 19... Bd4+ {[%clk 1:18:05]} 20. Kh1 {[%clk 1:12:45]} 20... Nh3
{[%clk 1:18:15]} 21. Kg2 {[%clk 1:10:43]} 21... Nxg5 {[%clk 1:18:15]} 22. h4
{[%clk 1:10:57]} 22... Ne6 {[%clk 1:18:04]} 23. g4 {[%clk 1:08:19]} 23... Nc5
{[%clk 1:15:59]} 24. a4 {[%clk 1:05:40]} 24... Nxd3 {[%clk 1:14:27]} 25. Rxd3
{[%clk 1:05:59]} 25... Be5 {[%clk 1:14:37]} 26. Rfd1 {[%clk 1:04:41]} 26...
Rxd3 {[%clk 1:14:10]} 27. Rxd3 {[%clk 1:05:06]} 27... b6 {[%clk 1:14:25]} 28.
c4 {[%clk 1:04:21]} 28... Re8 {[%clk 1:13:59]} 29. b4 {[%clk 1:02:30]} 29... h6
{[%clk 1:13:04]} 30. Rd7 {[%clk 0:59:07]} 30... a5 {[%clk 1:11:42]} 31. b5
{[%clk 0:57:49]} 31... cxb5 {[%clk 1:10:37]} 32. cxb5 {[%clk 0:58:15]} 32...
Bf6 {[%clk 1:09:40]} 33. Kf3 {[%clk 0:56:04]} 33... Bxh4 {[%clk 1:08:45]} 34.
Rb7 {[%clk 0:56:00]} 34... Re6 {[%clk 1:08:54]} 35. Kf4 {[%clk 0:55:58]} 35...
Bf2 {[%clk 1:08:53]} 36. Kf5 {[%clk 0:53:37]} 36... Be3 {[%clk 1:07:51]} 37. e5
{[%clk 0:52:08]} 37... Bd4 {[%clk 1:07:46]} 38. Kf4 {[%clk 0:50:55]} 38... Rxe5
{[%clk 1:07:33]} 39. Rd7 {[%clk 0:50:35]} 39... g5+ {[%clk 1:05:41]} 40. Kf3
{[%clk 0:50:12]} 40... Bc5 {[%clk 1:05:57]} 41. Rd1 {[%clk 0:48:37]} 41... Re3+
{[%clk 1:05:05]} 42. Kg2 {[%clk 0:47:48]} 42... Ra3 {[%clk 1:05:22]} 43. Rh1
{[%clk 0:47:28]} 43... Kg7 {[%clk 1:05:34]} 44. Rf1 {[%clk 0:47:19]} 44... Rxa4
{[%clk 1:05:48]} 45. Rb1 {[%clk 0:46:51]} 45... Rxg4+ { [%clk 1:06:08]} 46. Kf3
{[%clk 0:47:07]} 46... f5 {[%clk 1:06:01]} 47. Rb2 { [%clk 0:43:01]} 47... h5
{[%clk 1:05:34]} 48. Rh2 {[%clk 0:42:32]} 48... h4 { [%clk 1:05:47]} 49. Ke2
{[%clk 0:38:52]} 49... a4 {[%clk 1:05:31]} 50. Rh3 { [%clk 0:38:27]} 50... a3
{[%clk 1:05:48]} 51. Rh1 {[%clk 0:37:19]} 51... Rg1 { [%clk 1:06:11]} 52. Rxg1
{[%clk 0:37:11]} 52... Bxg1 {[%clk 1:06:37]} 53. Kd3 { [%clk 0:37:35]} 53... a2
{[%clk 1:07:02]} 54. Kc4 {[%clk 0:37:44]} 54... a1=Q { [%clk 1:07:27]} 55. Kd5
{[%clk 0:37:57]} 55... Qd4+ {[%clk 1:07:17]} 56. Kc6 { [%clk 0:38:08]} 56...
Kf7 {[%clk 1:06:47]} 57. Kb7 {[%clk 0:38:27]} 57... Ke7 { [%clk 1:07:10]} 58.
Ka6 {[%clk 0:38:48]} 58... Qa4+ {[%clk 1:04:32]} 59. Kb7 { [%clk 0:39:01]}
59... Kd7 {[%clk 1:04:49]} 60. Kb8 {[%clk 0:39:21]} 60... Bh2+ {[%clk 1:03:21]}
61. Kb7 {[%clk 0:39:32]} 61... Qxb5 {[%clk 1:01:14]} 62. Ka7 { [%clk 0:39:27]}
62... Kc7 {[%clk 1:01:35]} 63. Ka8 Qa6# 0-1

[Event "DVM U14w 2020"]
[Site "Willingen GER"]
[Date "2021.06.26"]
[Round "6"]
[White "Albrecht, Angelique"]
[Black "Foos, Vanessa"]
[Result "0-1"]
[Termination "normal"]
[Board "5.2"]
[WhiteElo "1263"]
[BlackElo "1380"]
[WhiteClock "00:32:58"]
[BlackClock "00:23:09"]
[WhiteTeam "SV Multatuli Ingelheim e.V."]
[BlackTeam "TuRa Harksheide von 1945 Norderstedt"]
[PlyCount "88"]
[WhiteFideId "16298284"]
[BlackFideId "16245270"]
[EventCountry "GER"]
[EventRounds "7"]
[EventType "team-swiss"]
[EventDate "2021.06.23"]

1. d4 {[%clk 1:30:57]} 1... d5 {[%clk 1:30:54]} 2. c4 {[%clk 1:31:19]} 2... c6
{[%clk 1:31:15]} 3. Nc3 {[%clk 1:31:35]} 3... Nf6 {[%clk 1:31:32]} 4. Bf4 {
[%clk 1:31:44]} 4... dxc4 {[%clk 1:31:51]} 5. e3 {[%clk 1:32:01]} 5... b5 {
[%clk 1:32:14]} 6. a4 {[%clk 1:32:12]} 6... b4 {[%clk 1:32:07]} 7. Na2 { [%clk
1:31:09]} 7... Qa5 {[%clk 1:30:21]} 8. Bxc4 {[%clk 1:28:08]} 8... e6 { [%clk
1:27:56]} 9. b3 {[%clk 1:25:07]} 9... Bb7 {[%clk 1:25:56]} 10. Nf3 { [%clk
1:17:57]} 10... Be7 {[%clk 1:25:45]} 11. O-O {[%clk 1:16:52]} 11... O-O { [%clk
1:26:08]} 12. Bg5 {[%clk 1:14:14]} 12... c5 {[%clk 1:19:56]} 13. dxc5 { [%clk
1:09:27]} 13... Qxc5 {[%clk 1:19:30]} 14. Bxf6 {[%clk 1:08:47]} 14... Bxf6
{[%clk 1:19:42]} 15. Rc1 {[%clk 1:08:48]} 15... Qb6 {[%clk 1:18:26]} 16. Qe2
{[%clk 1:04:41]} 16... a5 {[%clk 1:17:15]} 17. Rfe1 {[%clk 1:01:40]} 17... Na6
{[%clk 1:15:38]} 18. Rcd1 {[%clk 1:00:01]} 18... Nc5 {[%clk 1:09:16]} 19. Nc1
{[%clk 0:57:20]} 19... Ne4 {[%clk 1:07:58]} 20. Nd3 {[%clk 0:55:26]} 20... Nc3
{[%clk 1:07:35]} 21. Qc2 {[%clk 0:51:59]} 21... Nxd1 {[%clk 1:05:50]} 22. Qxd1
{[%clk 0:52:15]} 22... Rad8 {[%clk 1:03:42]} 23. Qe2 {[%clk 0:50:53]} 23... Ba6
{[%clk 1:02:32]} 24. Bxa6 {[%clk 0:48:48]} 24... Qxa6 {[%clk 1:01:49] } 25. Nf4
{[%clk 0:48:23]} 25... Qxe2 {[%clk 1:01:51]} 26. Nxe2 {[%clk 0:48:11] } 26...
Rd7 {[%clk 1:00:22]} 27. g3 {[%clk 0:47:35]} 27... Rfd8 {[%clk 1:00:26] } 28.
Kg2 {[%clk 0:47:10]} 28... Rd1 {[%clk 0:59:20]} 29. Rxd1 {[%clk 0:46:39]} 29...
Rxd1 {[%clk 0:59:45]} 30. Ned4 {[%clk 0:46:37]} 30... Bxd4 { [%clk 0:59:18]}
31. Nxd4 {[%clk 0:46:57]} 31... Rc1 {[%clk 0:58:50]} 32. Kf3 { [%clk 0:46:54]}
32... Kf8 {[%clk 0:58:40]} 33. h4 {[%clk 0:46:53]} 33... Ke7 { [%clk 0:58:46]}
34. Ke2 {[%clk 0:46:08]} 34... Kd7 {[%clk 0:57:35]} 35. Kd2 { [%clk 0:46:06]}
35... Rc5 {[%clk 0:51:40]} 36. Kd3 {[%clk 0:44:54]} 36... f6 { [%clk 0:36:40]}
37. Nb5 {[%clk 0:41:47]} 37... h5 {[%clk 0:34:24]} 38. Kd2 { [%clk 0:38:30]}
38... g5 {[%clk 0:33:42]} 39. f3 {[%clk 0:36:33]} 39... gxh4 { [%clk 0:31:59]}
40. gxh4 {[%clk 0:36:51]} 40... e5 {[%clk 0:24:02]} 41. e4 { [%clk 0:34:35]}
41... Ke6 {[%clk 0:23:35]} 42. Kd1 {[%clk 0:32:53]} 42... f5 { [%clk 0:23:10]}
43. Kd2 {[%clk 0:32:30]} 43... fxe4 {[%clk 0:23:15]} 44. fxe4 { [%clk 0:32:58]}
44... Rc8 {[%clk 0:23:09]} 0-1